Japan’s place in the modern world
Wedi'i Gadw mewn:
| Prif Awdur: | |
|---|---|
| Fformat: | Llyfr |
| Iaith: | Undetermined |
| Cyhoeddwyd: |
London
G. G. Harrap
1936
|
| Pynciau: | |
| Tagiau: |
Ychwanegu Tag
Dim Tagiau, Byddwch y cyntaf i dagio'r cofnod hwn!
|
| Thư viện lưu trữ: | Trung tâm Học liệu Trường Đại học Cần Thơ |
|---|
| LEADER | 00573nam a2200205Ia 4500 | ||
|---|---|---|---|
| 001 | CTU_109998 | ||
| 008 | 210402s9999 xx 000 0 und d | ||
| 082 | |a 915.2 | ||
| 082 | |b P595 | ||
| 100 | |a Pickering, Ernest H. | ||
| 245 | 0 | |a Japan’s place in the modern world | |
| 245 | 0 | |c Ernest H. Pickering | |
| 260 | |a London | ||
| 260 | |b G. G. Harrap | ||
| 260 | |c 1936 | ||
| 650 | |a Industries,Eastern question (Far East),Japan | ||
| 650 | |x Social conditions | ||
| 650 | |z Japan | ||
| 904 | |i Trọng Hải | ||
| 980 | |a Trung tâm Học liệu Trường Đại học Cần Thơ | ||